000 00470nam a2200133 a 4500
001 000037363
005 20200930080323.0
008 120328s200u dr c 000 0 spa d
040 _aDO-SdBNP
_bspa
_cBNPHU
082 _axxx
_bxxx
245 0 0 _aMariano Sánchez :
_bun pintor moderno con espíritu y temperamento clásico... una mirada a su mundo interior...
260 _aSanto Domingo. :
_bFundación Centro Cultural Altos de Chavón.
300 _a20 p. :
_bretr. ;
_c22 cm.
999 _c36853
_d36853